000 00921nam a2200241 a 4500
001 85847
003 BD-RjUL
005 20251013145728.0
008 251013s2025 bg ||||| |||| 00| 0 ben d
020 _a9789849897279 :
_cTk.500.00
035 _a(BD-RjUL)85847
040 _aBD-RjUL
_beng
_cBD-RjUL
041 _aben
082 _223
_a394.26095492
_bYAB 2025
100 _a ইয়াসমিন, সাবিহা
_917170
245 _aবাংলাদেশের উৎসব /
_cসাবিহা ইয়াসমিন
260 _aঢাকা :
_bআপন প্রকাশ
_c২০২৫
300 _a১৬০ পৃ.:
_bচিত্রসমুহ ;
_c২২ সেমি.
504 _aতথ্য নির্দেশ সংযোজিত পৃ.১৫৮-১৬০
650 _aউৎসব
_zবাংলাদেশ
_92963
650 _aFestivals
_zBangladesh
_917176
942 _2ddc
_cBK
999 _c85847
_d85847